| 000 | 00380nam a2200133Ia 4500 | ||
|---|---|---|---|
| 008 | 231017s9999 xx 000 0 und d | ||
| 082 | _a625.8 | ||
| 082 | _bDAV | ||
| 245 | 0 | _aSmall strain and resilient modulus testing of granular soils | |
| 245 | 0 | _cMinnesota Department of Transportation | |
| 260 | _bMinnesota Department of Transportation | ||
| 300 | _c30cm | ||
| 942 | _cREP | ||
| 999 |
_c606285 _d606285 |
||